[Event "Romulus op"]
[Site "Romulus"]
[Date "2000.09.01"]
[Round "1"]
[White "Raban, David"]
[Black "Sobh, Alex"]
[Result "1-0"]
[WhiteElo "1568"]
[BlackElo "1146"]
[PlyCount "39"]
[EventDate "2000.09.01"]
[EventType "swiss"]
[EventRounds "7"]
[EventCountry "USA"]
[SourceTitle "EXT 2007"]
[Source "ChessBase"]
[SourceDate "2006.11.23"]
[SourceVersion "1"]
[SourceVersionDate "2006.11.23"]
[SourceQuality "1"]

1. d4 Nf6 2. c4 d5 3. cxd5 Nxd5 4. Nf3 f6 5. e4 Nb6 6. Nc3 a6 7. Bf4 e6 8. Bd3 Be7 9. 0-0 0-0 10. Rc1 Nc6 11. Bb1 Bd6 12. e5 fxe5 13. Bxh7+ Kxh7 14. Ng5+ Kg8 15. Qh5 Rxf4 16. Qh7+ Kf8 17. Qh8+ Ke7 18. Qxg7+ Ke8 19. Qg6+ Kd7 20. Qxe6# 1-0